| 000 | 00569nam a2200205 a 4500 | ||
|---|---|---|---|
| 005 | 20140310183259.0 | ||
| 008 | 041123s19uu xx 00 eng d | ||
| 020 | _a0130605182 | ||
| 050 |
_aHG 4026 _b.Sc425 1988 |
||
| 100 | _aScott, David F. | ||
| 245 |
_aBasic financial management. / _cDavid F. Scott jr. |
||
| 250 | _a4th e. | ||
| 260 |
_aNew Jersey : _bPHI , _c1988. |
||
| 300 |
_a851 p. : _bill. col. ; _c23 cm. |
||
| 521 | _aBSBA | ||
| 650 |
_aBusiness enterprises _xFinance. |
||
| 650 |
_aCorporation _xFinance. |
||
| 942 |
_cBK _2lcc _kFOR |
||
| 999 |
_c20925 _d20925 |
||